00679cam a2200205 a 450000100060000000300080000600500170001400800390003103500190007004000370008904100080012608200230013410000180015724501240017526000560029930000260035550400300038150400200041165000420043126672BD-RjUL20211209051042.0140323s1954 cau b 001 0 eng a(BD-RjUL)26742 aDLCcWSUdBD-RjULdUKMdEQObeng aeng00a338.2728bFOA 19541 aFord, Alan W.14aThe Anglo-Iranian oil dispute of 1951-1952 :ba study of the role of law in the relations of states /cby Alan W. Ford. aBerkeley :bUniversity of California Press,cc1954. axii, 348 p. ;c23 cm. aBibliography: p. 329-340. aIncludes index. 0aAnglo-Iranian Oil Dispute, 1951-1954.